Le meilleur buteur de chaque Coupe du Monde - Statistiques

Statistiques générales
  • Ce quiz a été pris 98 fois
    64 depuis la dernière actualisation
  • Le résultat moyen est 12 sur 28
Statistiques - réponses
Années Buts Nationalités Joueurs % Correct
2022 8 France Kylian Mbappé
97%
2018 6 Angleterre Harry Kane
95%
2002 8 Brésil Ronaldo
93%
1970 10 Allemagne Gerd Muller
88%
2010 5 Allemagne Thomas Müller
88%
2014 6 Colombie James Rodríguez
83%
2006 5 Allemagne Miroslav Klose
82%
1958 13 France Just Fontaine
72%
1966 9 Portugal Eusébio
68%
1998 6 Croatie Davor Suker
65%
1962 4 Brésil Garrincha
60%
1994 6 Bulgarie Hristo Stoichkov
58%
1982 6 Italie Paolo Rossi
35%
1978 6 Argentine Mario Kempes
30%
1986 6 Angleterre Gary Lineker
27%
1962 4 Brésil Vavá
17%
1990 6 Italie Totò Schillaci
13%
1950 9 Brésil Ademir Menezes
12%
1974 7 Pologne Grzegorz Lato
12%
1994 6 Russie Oleg Salenko
12%
1954 11 Hongrie Sándor Kocsis
12%
1962 4 Hongrie Florian Albert
10%
1930 8 Argentine Guillermo Stábile
10%
1962 4 Chili Leonel Sánchez
10%
1938 8 Brésil Leônidas
7%
1962 4 Yougoslavie Drazan Jerkovic
5%
1962 4 URSS Valentin Ivanov
5%
1934 5 Tchécoslovaquie Oldřich Nejedlý
2%
Aucun quiz correspondant
Distribution des résultats
% des personnes avec chaque résultat
Percentile par nombre de réponses
Votre historique - résultats
Vous n’avez pas pris ce quiz depuis la dernière actualisation